Lost continents ; the Atlantis theme in history, science, and literature.

Bibliographic Details
Main Author: De Camp, L. Sprague (Lyon Sprague), 1907-2000
Format: Book
Language:English
Published: New York : Gnome Press, [1954]
Edition:[1st ed.].
Subjects:

MARC

Tag First Indicator Second Indicator Subfields
LEADER 00000cam a2200000 4500
001 in00000051176
005 20151007065909.0
008 750707s1954 nyu 00000 eng u
010 |a  54007253  
035 |a (OCoLC)01433482 
035 |9 AAE2921AM 
040 |c ORL  |d TXA  |d UtOrBLW 
049 |a TXAM  |c [235595] 
050 0 0 |a GN751  |b .D38 
082 0 |a 572.4 
092 |a 572.4  |b D291 
100 1 |a De Camp, L. Sprague  |q (Lyon Sprague),  |d 1907-2000. 
245 1 0 |a Lost continents ;  |b the Atlantis theme in history, science, and literature. 
250 |a [1st ed.]. 
264 1 |a New York :  |b Gnome Press,  |c [1954] 
300 |a 362 pages :  |b illustrations ;  |c 21 cm. 
336 |a text  |b txt  |2 rdacontent 
337 |a unmediated  |b n  |2 rdamedia 
338 |a volume  |b nc  |2 rdacarrier 
500 |a The Cushing Library/Science Fiction copy is part of the Thomas Clareson Collection. 
650 0 |a Atlantis (Legendary place) 
999 |a MARS 
999 f f |s 22f93d96-9111-3fa2-a210-97916a94d28f  |i feaf98e0-7bc5-305b-91f2-2dcd4cc1e7d7  |t 0 
952 f f |p normal  |a Texas A&M University  |b College Station  |c Sterling C. Evans Library  |d Evans: Library Stacks  |t 0  |e GN751 .D38  |h Library of Congress classification  |i unmediated -- volume  |k 1954  |m A14800968132 
952 f f |p noncirc  |a Texas A&M University  |b College Station  |c Cushing Memorial Library & Archives  |d Cushing: Science Fiction (Does not check out)  |t 0  |e GN751 .D38 1954  |h Library of Congress classification  |i unmediated -- volume  |m A14852126979 
998 f f |a GN751 .D38 1954  |t 0  |l Cushing: Science Fiction (Does not check out) 
998 f f |a GN751 .D38  |t 0  |l Evans: Library Stacks